Application of ISO 9000 quality systems to plastic and rubber industry (Record no. 54375)

MARC details
000 -LEADER
fixed length control field 00321nam a2200109Ia 4500
100 ## - MAIN ENTRY--AUTHOR NAME
Personal name Ranasinghe T K G
245 #0 - TITLE STATEMENT
Title Application of ISO 9000 quality systems to plastic and rubber industry
260 ## - PUBLICATION, DISTRIBUTION, ETC. (IMPRINT)
Name of publisher Plastics and Rubber Sri Lanka
Year of publication 1998
300 ## - PHYSICAL DESCRIPTION
Number of Pages 25-26
942 ## - ADDED ENTRY ELEMENTS (KOHA)
Koha item type Journals
Holdings
Withdrawn status Lost status Damaged status Not for loan Home library Current library Shelving location Date acquired Serial Enumeration / chronology Koha item type
      Journals RRII Library RRII Library Rubber chemistry 17/12/2021 Volume 6, Issue Journals